Score 0/299 Timer 10:00
0 Plays Today
Hint Lyric % Correct
It's time for us to take a chance, it's time for us to take a chance
96.9%
It's time for us to take a chance, it's time for us
96.9%
Make us it
96.9%
Make us it
96.9%
Pre-Chorus:It's time for us to take a chance, it's time for us
96.9%
Make us it
96.9%
Make us it
96.9%
a
93.8%
for
93.8%
you
93.8%
to
93.8%
and
93.8%
your
93.8%
If you talk
93.8%
you better walk
93.8%
You
93.8%
your
93.8%
With
93.8%
the
93.8%
a sensationalist
93.8%
to
93.8%
a
93.8%
If you talk
93.8%
you better walk
93.8%
You
93.8%
your
93.8%
With
93.8%
the
93.8%
the
93.8%
the
93.8%
a
93.8%
for
93.8%
the
93.8%
make us hip
93.8%
make us scene
93.8%
your
93.8%
a single
93.8%
a
93.8%
for
93.8%
the
93.8%
make us hip
93.8%
make us scene
93.8%
your
93.8%
a
93.8%
and
93.8%
you
93.8%
with
93.8%
your
93.8%
If you talk
93.8%
you better walk
93.8%
You
93.8%
your
93.8%
With
93.8%
the
93.8%
a sensationalist
93.8%
to
93.8%
a
93.8%
Oh, keep
93.8%
the
93.8%
with
93.8%
for
93.8%
the
93.8%
The
93.8%
with
93.8%
a good chance of
93.8%
A. Indifference
93.8%
and
93.8%
the
93.8%
a
93.8%
for
93.8%
the
93.8%
make us hip
93.8%
make us scene
93.8%
your
93.8%
a
93.8%
for
93.8%
the
93.8%
make us hip
93.8%
make us scene
93.8%
your
93.8%
a single
93.8%
for
93.8%
the
93.8%
The
93.8%
with
93.8%
a good chance of
93.8%
A. Indifference
93.8%
and
93.8%
the
93.8%
for
93.8%
the
93.8%
the
93.8%
with
93.8%
a good chance of
93.8%
A. Indifference
93.8%
and
93.8%
the
93.8%
Chorus Repeats (no answers needed here)
93.8%
Verse 1:Stop
90.6%
make
90.6%
Hint Lyric % Correct
better
90.6%
better
90.6%
just
90.6%
better
90.6%
Chorus:we're
90.6%
just
90.6%
we
90.6%
we're
90.6%
just
90.6%
we
90.6%
better
90.6%
just
90.6%
Bridge 1:Just
90.6%
we're
90.6%
just
90.6%
we
90.6%
we're
90.6%
just
90.6%
we
90.6%
Bridge 2:Just
90.6%
Outro:Just
90.6%
yourself
87.5%
wet dream
87.5%
wet dream
87.5%
is
87.5%
in
87.5%
wet dream
87.5%
wet dream
87.5%
is
87.5%
in
87.5%
is
87.5%
in
87.5%
stalling
84.4%
name
84.4%
put
84.4%
out
84.4%
up
84.4%
web scene
84.4%
on
84.4%
up
84.4%
sh*t
81.3%
more
81.3%
than
81.3%
all
81.3%
talking
81.3%
slightly
81.3%
keep
81.3%
more
81.3%
than
81.3%
all
81.3%
Or
81.3%
word
81.3%
Or
81.3%
word
81.3%
sh*t
81.3%
more
81.3%
than
81.3%
all
81.3%
talking
81.3%
slightly
81.3%
or
81.3%
slightly
81.3%
Or
81.3%
word
81.3%
Or
81.3%
word
81.3%
slightly
81.3%
slightly
81.3%
Boy
78.1%
pen
78.1%
paper
78.1%
under
78.1%
Start
78.1%
Oh, he's
78.1%
under
78.1%
shrug
78.1%
us
78.1%
shoulders
78.1%
Don't
78.1%
wrote
78.1%
shrug
78.1%
us
78.1%
shoulders
78.1%
Don't
78.1%
wrote
78.1%
Boy
78.1%
it
78.1%
under
78.1%
Start
78.1%
Oh, he's
78.1%
us
78.1%
weather
78.1%
today
78.1%
sarcastic
78.1%
b. disinterest
78.1%
shrug
78.1%
us
78.1%
shoulders
78.1%
Don't
78.1%
wrote
78.1%
Hint Lyric % Correct
shrug
78.1%
us
78.1%
shoulders
78.1%
Don't
78.1%
wrote
78.1%
weather
78.1%
today
78.1%
sarcastic
78.1%
b. Disinterest
78.1%
weather
78.1%
today
78.1%
sarcastic
78.1%
b. Disinterest
78.1%
way
75%
good
75%
While
75%
certain
75%
extent
75%
good
75%
While
75%
Well
75%
off
75%
Well
75%
off
75%
good
75%
good
75%
While
75%
certain
75%
extent
75%
what
75%
critics
75%
say
75%
Chorus:Well
75%
off
75%
Well
75%
off
75%
what
75%
critics
75%
say (chorus repeats. again)
75%
what
75%
critics
75%
say
75%
back
71.9%
you're
71.9%
mouth
71.9%
shut
71.9%
you're
71.9%
single
71.9%
back
71.9%
back
71.9%
you're
71.9%
sing
71.9%
record
71.9%
a single
71.9%
record
71.9%
record
71.9%
that
68.8%
approve
68.8%
approve
68.8%
approve
68.8%
approve
68.8%
charm
65.6%
gun
65.6%
gun
65.6%
know
65.6%
fire
65.6%
tongue
65.6%
gun
65.6%
hooks
62.5%
hooks
62.5%
meet
62.5%
meet
62.5%
hooks
62.5%
clever
59.4%
Pre-Chorus:Panic!
59.4%
Press
59.4%
Panic!
59.4%
Press
59.4%
Verse 2:I'm burning
59.4%
I'm blacking
59.4%
my
59.4%
feels
59.4%
clever
59.4%
quiet
56.3%
it's
56.3%
like
53.1%
let
50%
if
50%
webzines
46.9%
lungs
46.9%
lack
46.9%
webzines
46.9%
webzines
46.9%
thereof
40.6%
doves
37.5%
purpose
37.5%
Then
31.3%
decide
31.3%
done
25%
Remove Ads.
Support Sporcle.
Get the best of Sporcle when you Go Orange. This ad-free experience offers more features, more stats, and more fun while also helping to support Sporcle. Thank you for becoming a member.

You're not logged in!

Compare scores with friends on all Sporcle quizzes.
OR
Log In

Show Comments

Extras

Top Quizzes Today


Score Distribution

Your Account Isn't Verified!

In order to create a playlist on Sporcle, you need to verify the email address you used during registration. Go to your Sporcle Settings to finish the process.

Report this User

Report this user for behavior that violates our Community Guidelines.

Details: